000 00287nam a22001337a 4500
008 170605b xxu||||| |||| 00| 0 eng d
020 _a0312097468
041 _aeng
080 _a93
100 _a17
101 _aSHH
245 _aTHE ATLAS OF EARLY MAN
_cHAWKES, J
942 _2udc
_cBK
999 _c15968
_d15968